000 01026nam a2200289Ia 4500
001 11211
003 GE_BSU
008 181216s||||||||xx |||||||||||||| ||und||
020 _a9785756706734
040 _cGE_BSU
080 _a327.1(075.8)
100 _aДубинин;Ю.А. Мартынов; Б.Ф. Наринский; М.М. Юрьева,Т.В.
245 _aИстория Международных Отношений; Т.III. Ялтинско-Потсдамкая Система.
245 _bУчебник
245 _cПод обш.ред:А.В.Торкунова; М.М.Наринского.
250 _a2е изд;испр.
260 _aМосква.
260 _bАспект Пресс.
260 _c2014.
300 _a552стр;24см.
541 _h74л.
653 _aИстория Международных Отношений.
653 _aПолитика
653 _aЯлтинско-Потсдамкая Система.
653 _aპოლიტიკა
942 _cBK
999 _c44442
_d44442